| 000 | 00921nam a22002771a 4500 | ||
|---|---|---|---|
| 001 | 7983102 | ||
| 005 | 20160325020005.0 | ||
| 008 | 740927s1964 mauab b 000 0 eng | ||
| 010 | _a64002061 | ||
| 035 | _a(OCoLC)1023840 | ||
| 040 |
_aDLC _cOKentU _dOCoLC _dDLC |
||
| 050 | 0 | 0 |
_aHM66 _b.O2 1964 |
| 050 | _aHM 66.O2 1964 | ||
| 082 | _aHM 66.O2 1964 | ||
| 100 | 1 |
_aO'Brien, Robert W. _d1907- _q(Robert William), _eed. |
|
| 245 | 1 | 0 |
_aReadings in general sociology _c[by] Robert W. O'Brien, Clarence C. Schrag [and] Walter T. Martin. _h[Text] |
| 250 | _a3d ed. | ||
| 260 |
_aBoston _bHoughton Mifflin _c[1964] |
||
| 300 | _axii, 526 p. illus., diagrs., maps. 26 cm. | ||
| 504 | _aincludes bibliographical references | ||
| 650 | 0 |
_aSociology _xCollections. |
|
| 906 |
_a7 _bcbc _coclcrpl _du _encip _f19 _gy-gencatlg |
||
| 985 | _eOCLC REPLACEMENT | ||
| 991 |
_bc-GenColl _hHM66 _i.O2 1964 _tCopy 1 _wOCLCREP |
||
| 942 | 0 | 0 | _05 |
| 999 |
_c31272 _d31272 |
||